Hoá đại cương. t.III /
में बचाया:
| मुख्य लेखक: | |
|---|---|
| अन्य लेखक: | , |
| स्वरूप: | Sách giấy |
| भाषा: | Vietnamese |
| प्रकाशित: |
H. :
Giáo dục,
1997.
|
| टैग : |
टैग जोड़ें
कोई टैग नहीं, इस रिकॉर्ड को टैग करने वाले पहले व्यक्ति बनें!
|
| Thư viện lưu trữ: | Thư viện Trường Đại học Đà Lạt |
|---|
| LEADER | 00724nam a2200277 4500 | ||
|---|---|---|---|
| 001 | DLU140160942 | ||
| 005 | ##20140318 | ||
| 041 | # | # | |a vie |
| 082 | # | # | |a 540 |b DI-R |
| 100 | # | # | |a Didier, René. |
| 245 | # | # | |a Hoá đại cương. |n t.III / |c René Didier; Nguyễn Đình Bảng, Vũ Đăng Độ, Lê Chí Kiên dịch. |
| 260 | # | # | |a H. : |b Giáo dục, |c 1997. |
| 300 | # | # | |a 119 tr. ; |c 27 cm. |
| 700 | # | # | |a Lê Chí Kiên, |e dịch. |
| 700 | # | # | |a Nguyễn Đình Bảng, |e dịch. |
| 700 | # | # | |e dịch. |
| 990 | # | # | |a t.III |
| 992 | # | # | |a 8200 |
| 994 | # | # | |a DLU |
| 900 | # | # | |a True |
| 911 | # | # | |a Trương Thị Mỹ Lệ |
| 925 | # | # | |a G |
| 926 | # | # | |a A |
| 927 | # | # | |a SH |
| 980 | # | # | |a Thư viện Trường Đại học Đà Lạt |